000 00710nam a2200277Ia 4500
005 20260121124825.0
008 008 260114s9999 xx 000 0 eng d
020 _a9780674062962
037 _aEBOOK
040 _aCRL
040 _beng
040 _cCRL
041 _2eng
041 _aeng
084 _qCRL
100 _aSlate, Nico
_9982598
245 0 _aColored Cosmopolitanism: The Shared Struggle for Freedom in the United States and India
260 _bWalter de Gruyter
260 _bWalter de Gruyter
260 _c2011
650 _aHistory
_9982599
856 _uhttp://www.degruyter.com/isbn/9780674062962
942 _cEBOOK
999 _c1557400
_d1557400